Obálka Náhled e-knihy:
PDF Epub
Pro půjčování e-knih musíte být přihlášeni.
Jak si půjčit online?

Mrazení /

Psychothriller oceňované anglické autorky o tajemstvích dvou atraktivních žen.

Uloženo v:
Hlavní autor: Bolton, S. J., 1960- (Autor)
Další autoři: Byrne, Alena (Autor)
Médium: E-kniha
Jazyk:Czech
Vydáno: V Praze : Kniha Zlin, 2024
Vydání:1. vydání
Témata:
Tagy:
Žádné tagy
LEADER 02397nam a2200433 i 4500
001 312368
003 CZ PrSKC
005 20260601215721.0
007 ta
008 240426s2024 xr g 000 f cze
015 |a cnb003603592 
020 |a 9788076626461  |q (vázáno) 
035 |a (OCoLC)1445418565 
040 |a ABG001  |b cze  |d BOA001  |e rda 
041 1 |a cze  |h eng 
072 7 |a 821.111-3  |x Anglická próza, anglicky psaná  |2 Konspekt 
080 |a 821.111-31  |2 MRF 
080 |a (0:82-312.4)  |2 MRF 
100 1 |a Bolton, S. J.,  |d 1960-  |7 mzk2013795223  |4 aut 
240 1 0 |a Fake wife.  |l Česky 
245 1 0 |a Mrazení /  |c Sharon J. Bolton ; z anglického originálu The fake wife ... přeložila Alena Byrne 
250 |a 1. vydání 
264 1 |a V Praze :  |b Kniha Zlin,  |c 2024 
300 |a 407 stran ;  |c 21 cm 
336 |a text  |b txt  |2 rdacontent 
337 |a bez média  |b n  |2 rdamedia 
338 |a svazek  |b nc  |2 rdacarrier 
520 2 |a Psychothriller oceňované anglické autorky o tajemstvích dvou atraktivních žen.  |b Olive Andersonová, nešťastná manželka vrcholového politika, večeří o samotě, když si k ní zničehonic přisedne okouzlující žena. A nejen to - bez uzardění předstírá, že je její životní partnerkou. To, co začne jako vzrušující flirt, se však změní v něco daleko nebezpečnějšího. Zdá se, že neznámá žena má tajemství... to ale netuší, že Olive jich má ještě víc. Jedno zdánlivě nevinné setkání přeroste ve složitý případ, který se ztrácí v mlze intrik. Jaká zlověstná tajemství všichni zainteresovaní skrývají? Nakladatelská anotace. 
655 7 |a anglické romány  |7 fd131814  |2 czenas 
655 7 |a thrillery (romány)  |7 fd184206  |2 czenas 
655 9 |a English fiction  |2 eczenas 
655 9 |a thrillers (novels)  |2 eczenas 
700 1 |a Byrne, Alena  |7 hka2013741381  |4 trl 
900 |a ABA001  |b 20 
928 9 |a Albatros Media - Kniha Zlin 
044 |a xr 
910 |a RBIT002 
998 |d 403930  |a https://core.palmknihy.cz/api/books/403930/cover?scku8f  |b https://core.palmknihy.cz/api/books/403930/cover/400?scku8f  |c https://core.palmknihy.cz/api/books/403930/cover/50?scku8f  |e 2028-05-17  |g 408  |i 9788076626461  |j https://core.palmknihy.cz/api/books/403930/preview.epub  |k https://core.palmknihy.cz/api/books/403930/preview.pdf  |l   |q 49  |r 1  |s https://www.palmknihy.cz/kniha/403930  |t ebook  |y 2024  |z 0 
999 |d 312366